[Event "Open Semana Santa 2023"]
[Site "?"]
[Date "2023.04.10"]
[Round "9.152"]
[White "Kratz, Jonathan"]
[Black "Najarro Garcia, Jose Maria"]
[Result "0-1"]
[WhiteElo "1600"]
[BlackElo "1778"]
[PlyCount "49"]

1. d4 Nf6 2. c4 e6 3. Nc3 Bb4 4. f3 O-O 5. a3 Be7 6. e4 d5 7. cxd5 exd5 8. e5
Ne8 9. Bd3 c5 10. Nge2 Nc6 11. Be3 cxd4 12. Bxd4 Nxd4 13. Nxd4 Bc5 14. Nce2 Qg5
15. f4 Qxg2 16. Rg1 Qxh2 17. Bc2 Qh4+ 18. Rg3 Bg4 19. Qd3 g6 20. Nf3 Qh1+ 21.
Kd2 Qxa1 22. Rxg4 Qxb2 23. f5 Qxa3 24. Qxd5 Nf6 25. Qc4 0-1

[Event "Open Semana Santa 2023"]
[Site "?"]
[Date "2023.04.10"]
[Round "9.153"]
[White "Bethencourt Hernandez, Valeria"]
[Black "Sivanandan, Bodhana"]
[Result "0-1"]
[WhiteElo "1564"]
[BlackElo "1746"]
[PlyCount "116"]

1. e4 c6 2. Nf3 d5 3. Nc3 dxe4 4. Nxe4 Nf6 5. Qe2 Nxe4 6. Qxe4 Nd7 7. Bc4 Nf6
8. Ne5 e6 9. Qe2 Bd6 10. d4 O-O 11. O-O Qc7 12. Re1 b6 13. c3 Bb7 14. Bf4 Nd5
15. Bg3 c5 16. Rac1 Rfe8 17. Bb5 Re7 18. dxc5 Qxc5 19. Nd7 Qc7 20. Bxd6 Qxd6
21. Qe5 Qxe5 22. Nxe5 a6 23. Bc6 Bxc6 24. Nxc6 Rc7 25. Nd4 Rac8 26. Rcd1 g6 27.
Nf3 b5 28. Rd4 a5 29. Nd2 Nb6 30. Rb1 Kg7 31. Kf1 Rc6 32. Ne4 Nc4 33. Nd2 Ne5
34. Ne4 Rb6 35. Nd6 Rcb8 36. Rbd1 Nc6 37. R4d2 a4 38. a3 Na5 39. Ne4 Nc4 40.
Rc2 f5 41. Nc5 Rc6 42. Rd7+ Kf6 43. Nd3 h5 44. Nb4 Rd6 45. Rxd6 Nxd6 46. Nd3
Nc4 47. Ke2 e5 48. f3 e4 49. fxe4 fxe4 50. Nf4 Kf5 51. Nd5 Rd8 52. Nc7 Rb8 53.
Nd5 Ke5 54. Ne7 Rb6 55. Nc8 Rb7 56. b3 axb3 57. Rc1 b2 58. Rb1 Rc7 0-1

[Event "Open Semana Santa 2023"]
[Site "?"]
[Date "2023.04.10"]
[Round "9.154"]
[White "Rubial Blanco, Heriberto"]
[Black "Kiryttopoulos, Panagiotis Aris"]
[Result "1-0"]
[WhiteElo "1740"]
[BlackElo "1556"]
[PlyCount "111"]
[EventDate "2023.??.??"]

1. e4 c5 2. Nf3 e6 3. d4 cxd4 4. Nxd4 a6 5. Nc3 Qc7 6. Be2 Nf6 7. O-O b5 8. Bf3
e5 9. Nf5 g6 10. Bg5 Qc6 11. Nd5 Ng8 12. Qe1 h6 13. Qa5 f6 14. Nc7+ Kf7 15.
Nxa8 hxg5 16. Qd8 gxf5 17. exf5 e4 18. Nc7 d5 19. Qxc8 exf3 20. Rfe1 Ne7 21.
Rxe7+ Bxe7 22. Qxh8 Qxc7 23. Re1 Nc6 24. Qh5+ Kf8 25. Qxf3 Qd7 26. Qh3 Ne5 27.
Qh8+ Kf7 28. Qh7+ Kf8 29. Rxe5 fxe5 30. f6 b4 31. Qxe7+ Qxe7 32. fxe7+ Kxe7 33.
f3 Kd6 34. Kf2 a5 35. Ke3 a4 36. Kd3 Ke6 37. h3 Kf5 38. g3 Kf6 39. b3 a3 40. c4
dxc4+ 41. Kxc4 Kf5 42. Kxb4 e4 43. fxe4+ Kxe4 44. h4 g4 45. Kc4 Kf3 46. h5 Kxg3
47. h6 Kf3 48. h7 g3 49. h8=Q g2 50. Qg7 Kf2 51. b4 g1=Q 52. Qxg1+ Kxg1 53. b5
Kf2 54. b6 Ke2 55. b7 Kd2 56. b8=Q 1-0

[Event "Open Semana Santa 2023"]
[Site "?"]
[Date "2023.04.10"]
[Round "9.155"]
[White "Bell, Luke"]
[Black "Bartolome Benito, Alejandro"]
[Result "1-0"]
[WhiteElo "1490"]
[BlackElo "1739"]
[PlyCount "75"]

1. e4 c5 2. Nf3 Nc6 3. d4 cxd4 4. Nxd4 g6 5. c4 Nf6 6. Nc3 d6 7. Be3 Ng4 8.
Nxc6 bxc6 9. Bf4 Qb6 10. Qd2 Bg7 11. Bg3 Rb8 12. b3 O-O 13. h3 Ne5 14. Be2 Nd7
15. O-O Nc5 16. Bf3 Qb4 17. Rac1 a5 18. e5 dxe5 19. Bxc6 Bf5 20. Qe3 Nd3 21.
Nd5 Qa3 22. Rcd1 e6 23. Nc3 Qd6 24. Be4 Rfd8 25. Rxd3 Qxd3 26. Bxd3 Rxd3 27.
Qa7 Rbd8 28. Qxa5 e4 29. Nd5 Re8 30. Qa4 Rd8 31. Qa5 Re8 32. Qb5 Rd8 33. Ne7+
Kh8 34. Nxf5 exf5 35. c5 Bd4 36. c6 Rd5 37. Qb8+ Kg7 38. c7 1-0

[Event "Open Semana Santa 2023"]
[Site "?"]
[Date "2023.04.10"]
[Round "9.156"]
[White "Zotes Flecha, Luis"]
[Black "Prieto Martin, Manuel"]
[Result "0-1"]
[WhiteElo "1737"]
[BlackElo "1478"]
[PlyCount "32"]

1. c4 e6 2. e4 d5 3. cxd5 exd5 4. e5 Nc6 5. d4 Bb4+ 6. Nc3 Nge7 7. Nf3 Bg4 8.
Be3 O-O 9. h3 Bf5 10. Nd2 Nxe5 11. dxe5 d4 12. Qf3 dxc3 13. bxc3 Bxc3 14. Rc1
Bxd2+ 15. Bxd2 Qd5 16. Rxc7 Qxe5+ 0-1

[Event "Open Semana Santa 2023"]
[Site "?"]
[Date "2023.04.10"]
[Round "9.157"]
[White "Alvarez Poves, Jesus"]
[Black "Prochaieva, Yelyzaveta"]
[Result "1/2-1/2"]
[WhiteElo "1735"]
[BlackElo "1468"]
[PlyCount "62"]

1. e4 c5 2. Nc3 e6 3. g3 a6 4. Bg2 d6 5. Nge2 Qc7 6. O-O Nd7 7. d3 b5 8. a3 Bb7
9. f4 Ngf6 10. f5 e5 11. h3 Be7 12. g4 h6 13. Ng3 Qb6 14. Kh1 Qc6 15. Nd5 Nxd5
16. exd5 Qc7 17. c4 Nf6 18. Be3 Rb8 19. Qd2 Bc8 20. Rfc1 Qb7 21. Rab1 b4 22.
axb4 Qxb4 23. Qe2 Nh7 24. Bd2 Qb7 25. Be1 Bg5 26. Rc3 Bd8 27. Ra3 O-O 28. Be4
Ng5 29. Kg2 Qd7 30. Nf1 Nh7 31. Nh2 Qb7 1/2-1/2

[Event "Open Semana Santa 2023"]
[Site "?"]
[Date "2023.04.10"]
[Round "9.158"]
[White "Marin Giner, Gustavo"]
[Black "Garcia Vives, Joan"]
[Result "1/2-1/2"]
[WhiteElo "1449"]
[BlackElo "1731"]
[Annotator "Usuario"]
[PlyCount "41"]

1. e4 c5 2. d4 cxd4 3. c3 dxc3 4. Nxc3 Nc6 5. Nf3 e6 6. Bc4 Bb4 7. O-O a6 8.
Bf4 d6 9. Qe2 Qf6 10. Nd5 exd5 11. exd5+ Nce7 12. Bg5 Qf5 13. a3 Ba5 14. b4 Bd8
15. Rfe1 h6 16. Bd3 Qxd5 17. Bh4 Be6 18. Rad1 Qc6 19. Nd4 Qd7 20. b5 g5 21.
bxa6 $11 1/2-1/2

[Event "Open Semana Santa 2023"]
[Site "?"]
[Date "2023.04.10"]
[Round "9.160"]
[White "Corpa Rios, Flavio"]
[Black "Aura, Daniel"]
[Result "0-1"]
[WhiteElo "1289"]
[BlackElo "1708"]
[PlyCount "100"]

1. e4 c5 2. Nf3 d6 3. d4 cxd4 4. Nxd4 Nf6 5. Nc3 a6 6. h4 e5 7. Nb3 h5 8. Bg5
Be7 9. Qd2 Be6 10. O-O-O Nbd7 11. Kb1 b5 12. Bxf6 Nxf6 13. f3 Qc7 14. Nd5 Nxd5
15. exd5 Bf5 16. Bd3 Bxd3 17. Qxd3 Rc8 18. c3 Bd8 19. f4 Qc4 20. fxe5 Qxd3+ 21.
Rxd3 dxe5 22. d6 Kd7 23. a3 f6 24. Rd5 Bb6 25. Nd2 Rc5 26. Rxc5 Bxc5 27. Ne4
Ba7 28. Rd1 Rc8 29. Rd3 Rc4 30. Nd2 Rc6 31. Ne4 f5 32. Rf3 g6 33. Kc2 Bb6 34.
Nd2 Kxd6 35. b3 e4 36. Rf1 Ba5 37. Nb1 Ke6 38. b4 Bc7 39. Rg1 Rd6 40. Nd2 Rd3
41. Nf1 Be5 42. g4 hxg4 43. h5 gxh5 44. Rh1 Rxc3+ 45. Kb1 Rh3 46. Rg1 Bd4 47.
Rg2 Rh1 48. Kc2 Rxf1 49. Rh2 Rf2+ 50. Rxf2 Bxf2 0-1

[Event "Open Semana Santa 2023"]
[Site "?"]
[Date "2023.04.10"]
[Round "9.161"]
[White "Harutian, Arthur William"]
[Black "WFM Yastrebova, Tatiana"]
[Result "1/2-1/2"]
[WhiteElo "1376"]
[BlackElo "1896"]
[PlyCount "111"]

1. Nf3 Nf6 2. g3 d5 3. Bg2 e6 4. O-O Nbd7 5. d4 c6 6. c4 Bd6 7. Nc3 O-O 8. Re1
dxc4 9. e4 e5 10. Bg5 h6 11. dxe5 Nxe5 12. Bxf6 Qxf6 13. Nxe5 Bxe5 14. Rc1 Be6
15. f4 Bd4+ 16. Kh1 Rad8 17. Qe2 Rfe8 18. e5 Qe7 19. Ne4 Bd5 20. Rcd1 Bb6 21.
Nc3 Bxg2+ 22. Kxg2 Qe6 23. Ne4 Ba5 24. Rxd8 Rxd8 25. Rd1 Rxd1 26. Qxd1 Qd5 27.
Qxd5 cxd5 28. Nd6 Bd2 29. Kf3 Bc1 30. b3 c3 31. Ke2 c2 32. Kd3 Bxf4 33. Kxc2
Bxe5 34. Nxb7 Bd4 35. Kd3 Bg1 36. h3 Kf8 37. Nd6 Ke7 38. Nf5+ Kf6 39. Ne3 Bxe3
40. Kxe3 Ke5 41. b4 f5 42. a4 g5 43. b5 d4+ 44. Kd3 Kd5 45. a5 h5 46. b6 axb6
47. axb6 Kc6 48. Kxd4 Kxb6 49. Ke5 f4 50. gxf4 g4 51. hxg4 hxg4 52. Ke4 Kc6 53.
f5 Kd6 54. Kf4 g3 55. Kxg3 Ke5 56. Kg4 1/2-1/2

[Event "Open Semana Santa 2023"]
[Site "?"]
[Date "2023.04.10"]
[Round "9.162"]
[White "Kristian, Kristian"]
[Black "Serrano Requena, Guillem"]
[Result "1/2-1/2"]
[WhiteElo "1877"]
[BlackElo "1563"]
[PlyCount "53"]

1. d4 f5 2. g3 Nf6 3. Bg2 d5 4. Nf3 e6 5. O-O Bd6 6. c4 c6 7. Bf4 Bxf4 8. gxf4
O-O 9. Nc3 Ne4 10. e3 Nd7 11. Nxe4 fxe4 12. Nd2 Nf6 13. f3 exf3 14. Rxf3 Bd7
15. Rg3 Be8 16. Bf3 Bg6 17. Qe2 Qe8 18. Qg2 Qf7 19. Kh1 Rae8 20. Rg1 Re7 21.
Rg5 Bf5 22. Qe2 g6 23. cxd5 exd5 24. Rc1 Rc7 25. Rgg1 Rfc8 26. Nb3 Re7 27. Qb5
1/2-1/2

[Event "Open Semana Santa 2023"]
[Site "?"]
[Date "2023.04.10"]
[Round "9.164"]
[White "Ilinca Ilinca, Filip Antonio"]
[Black "Roig Roig, Marc"]
[Result "1-0"]
[WhiteElo "1515"]
[BlackElo "1840"]
[PlyCount "55"]

1. c4 e6 2. Nc3 b6 3. Nf3 Bb7 4. g3 f5 5. d4 Nf6 6. Bg2 Bb4 7. Bd2 O-O 8. a3
Bxc3 9. Bxc3 Ne4 10. Rc1 Nxc3 11. Rxc3 f4 12. O-O Qf6 13. Ne5 Bxg2 14. Kxg2 d6
15. Nf3 Nd7 16. e3 g5 17. exf4 gxf4 18. Re1 Rad8 19. Qe2 Rde8 20. Qd3 Rf7 21.
Qd1 e5 22. dxe5 Nxe5 23. Qe2 Rfe7 24. Nxe5 dxe5 25. Qf3 Qf5 26. Qe4 Qg5 27. Kh1
fxg3 28. Rxg3 1-0

[Event "Open Semana Santa 2023"]
[Site "?"]
[Date "2023.04.10"]
[Round "9.165"]
[White "Gomar Juan, Miguel"]
[Black "Gutierrez Lupion, Nuria"]
[Result "1/2-1/2"]
[WhiteElo "1807"]
[BlackElo "1551"]
[PlyCount "74"]

1. d4 d5 2. Nc3 Nf6 3. Bg5 e6 4. e4 dxe4 5. Nxe4 Be7 6. Bxf6 Bxf6 7. Nf3 b6 8.
Bd3 Bb7 9. Qd2 Nd7 10. O-O-O Rc8 11. Ne5 Bxe5 12. dxe5 Nxe5 13. Qc3 Qd5 14.
Rhe1 Nxd3+ 15. Rxd3 Qf5 16. Qxg7 Ke7 17. Rf3 Qg6 18. Rg3 Qxg7 19. Rxg7 Rcg8 20.
Rxg8 Rxg8 21. g3 h5 22. h4 f6 23. c4 Rd8 24. b3 Rd3 25. Re2 Bxe4 26. Rxe4 Rf3
27. Re2 f5 28. Kd1 Kf6 29. Rd2 e5 30. Ke2 Rc3 31. Rd3 Rc2+ 32. Rd2 Rc3 33. Rd3
Rc2+ 34. Rd2 Rxd2+ 35. Kxd2 f4 36. gxf4 exf4 37. f3 Ke5 1/2-1/2

[Event "Open Semana Santa 2023"]
[Site "?"]
[Date "2023.04.10"]
[Round "9.166"]
[White "Jimenez Pena, Sergio"]
[Black "Garcia Almeida, Aitana Maria"]
[Result "1-0"]
[WhiteElo "1511"]
[BlackElo "1873"]
[PlyCount "104"]

1. c4 c5 2. Nc3 Nc6 3. g3 e5 4. Bg2 g6 5. d3 Bg7 6. Nf3 d6 7. a3 a5 8. Bg5 f6
9. Bd2 Nge7 10. h4 h5 11. Nd5 Be6 12. e4 Bg4 13. Qa4 O-O 14. Be3 Nxd5 15. cxd5
Nd4 16. Nxd4 cxd4 17. Bd2 Bd7 18. Qd1 Qb6 19. b4 a4 20. O-O Bb5 21. Rc1 Bxd3
22. Re1 Bb5 23. g4 Be8 24. gxh5 gxh5 25. Bf3 Qb5 26. Be2 Qd7 27. Kh2 Qf7 28.
Rg1 Kh7 29. f4 Rh8 30. b5 Kg8 31. f5 Kf8 32. Bb4 Qd7 33. b6 Rc8 34. Rxc8 Qxc8
35. Bxd6+ Kg8 36. Bc7 Qd7 37. Bc4 Kf8 38. Qd2 Rh7 39. Qb4+ Kg8 40. Bd6 Kf7 41.
Bc5 Kg8 42. Bf8 Kh8 43. Bxg7+ Rxg7 44. Qf8+ Kh7 45. Rxg7+ Qxg7 46. Qxe8 Qg4 47.
Qf7+ Kh8 48. Qxf6+ Kh7 49. Qe7+ Kh8 50. Qxe5+ Kh7 51. Qe7+ Kh8 52. Qe8+ Kh7 1-0

[Event "Open Semana Santa 2023"]
[Site "?"]
[Date "2023.04.10"]
[Round "9.167"]
[White "Gomez Pastrana, Pastrana,Alba"]
[Black "Domenech Briz, Jose"]
[Result "0-1"]
[WhiteElo "1504"]
[BlackElo "1692"]
[Annotator "Usuario"]
[PlyCount "94"]

1. e4 c5 2. Nf3 d6 3. d4 cxd4 4. Nxd4 Nf6 5. Nc3 a6 6. Be2 e5 7. Nb3 Be7 8. Be3
O-O 9. g4 Be6 10. g5 Ne8 11. h4 Nd7 12. f4 f5 13. gxf6 Bxf6 14. f5 Bxh4+ 15.
Kd2 Bf7 16. Qg1 Be7 17. Qg2 Ndf6 18. Rag1 Kh8 19. Kc1 $11 d5 20. exd5 Bxd5 21.
Nxd5 Qxd5 22. Bf3 e4 23. Bh5 Nxh5 24. Rxh5 Rxf5 25. Bd4 Rf1+ 26. Rxf1 Qxh5 27.
Qxe4 Bg5+ 28. Kb1 Nd6 29. Qe5 Qg6 30. Rg1 h6 31. Bc5 Ne4 32. Be3 Re8 33. Qh2
Qf6 34. Bd4 Qe7 35. a3 Bf6 36. Bxf6 Qxf6 37. Qg2 Re7 38. Rf1 Qg5 39. Rf8+ Kh7
40. Qf1 Qd5 41. Qh3 Qe6 42. Qf3 Qd5 43. Qf4 a5 44. a4 Ng5 45. Qb8 Re1+ 46. Ka2
Qe4 47. Qc8 Qxa4# 0-1

[Event "Open Semana Santa 2023"]
[Site "?"]
[Date "2023.04.10"]
[Round "9.168"]
[White "Bernardez Gonzalez, Roberto"]
[Black "Ortega Sanchez Montanez, Marcos"]
[Result "1-0"]
[WhiteElo "1688"]
[BlackElo "1538"]
[PlyCount "57"]

1. Nf3 Nf6 2. c4 e6 3. e3 d5 4. b3 c5 5. Bb2 Nc6 6. cxd5 exd5 7. Bb5 Bd7 8. O-O
Be7 9. d4 cxd4 10. Nxd4 Nxd4 11. Bxd7+ Nxd7 12. Bxd4 Bf6 13. Nc3 Bxd4 14. Qxd4
Nf6 15. Rfd1 O-O 16. Rd3 Qe7 17. Rad1 Rfd8 18. e4 dxe4 19. Qxd8+ Rxd8 20. Rxd8+
Ne8 21. R1d7 Qe6 22. Rd6 Qe5 23. Rd5 Qe7 24. R5d7 Qe6 25. Nd5 h6 26. Re7 Qc6
27. Rexe8+ Kh7 28. Rh8+ Kg6 29. Ne7+ 1-0

[Event "Open Semana Santa 2023"]
[Site "?"]
[Date "2023.04.10"]
[Round "9.169"]
[White "Mata Medina, Andres"]
[Black "Franch Moreno, Marcelo"]
[Result "1-0"]
[WhiteElo "1673"]
[BlackElo "1461"]
[PlyCount "47"]

1. d4 Nf6 2. c4 g6 3. Nc3 Bg7 4. e4 d6 5. Be2 O-O 6. Be3 c5 7. d5 Qa5 8. f3 b5
9. cxb5 a6 10. Qd2 Bd7 11. bxa6 Nxa6 12. Bxa6 Rxa6 13. Bh6 Rb8 14. Bxg7 Kxg7
15. Nge2 Rab6 16. Rb1 R8b7 17. O-O Rb8 18. f4 e6 19. e5 Nxd5 20. f5 dxe5 21.
f6+ Nxf6 22. Rxf6 Kxf6 23. Ne4+ Kf5 24. Qxa5 1-0

[Event "Open Semana Santa 2023"]
[Site "?"]
[Date "2023.04.10"]
[Round "9.170"]
[White "Jaime Galeano, Alcher"]
[Black "Gil Bayo, Daniel"]
[Result "1-0"]
[WhiteElo "1672"]
[BlackElo "1433"]
[PlyCount "137"]

1. e4 c5 2. Nc3 Nc6 3. f4 g6 4. Nf3 Bg7 5. Bb5 Nd4 6. O-O a6 7. Bd3 d6 8. Kh1
Bg4 9. Ne2 Nxf3 10. gxf3 Bd7 11. Qe1 Qc7 12. c3 Nf6 13. Qh4 Nh5 14. Bc2 Bf6 15.
Qf2 Rg8 16. d3 O-O-O 17. Rb1 g5 18. fxg5 Bxg5 19. Bxg5 Rxg5 20. Qh4 Rdg8 21. f4
Rg2 22. Bd1 Nf6 23. Ng3 Rd2 24. f5 Rxd3 25. Bc2 Rd2 26. Rbc1 d5 27. Qh6 Rxc2
28. Rxc2 dxe4 29. Qf4 Bc6 30. Qxc7+ Kxc7 31. Kg1 Ng4 32. Re1 Ne5 33. Re3 Nf3+
34. Kg2 Nh4+ 35. Kf2 Rg4 36. Rce2 Rf4+ 37. Kg1 Nxf5 38. Nxf5 Rxf5 39. Rf2 Rg5+
40. Rg2 Rf5 41. Rg4 Kd6 42. Rh4 h5 43. Reh3 Rg5+ 44. Kf2 f5 45. Rxh5 Rxh5 46.
Rxh5 Ke5 47. Rg5 Kf4 48. Rg7 e3+ 49. Ke1 e5 50. h4 Bf3 51. Rg8 e2 52. Rh8 Ke3
53. h5 f4 54. Re8 Be4 55. Rf8 f3 56. h6 Bh7 57. a3 e4 58. Rf7 b5 59. b4 c4 60.
Rf6 Kd3 61. Rf7 Kxc3 62. Rxh7 e3 63. Rf7 f2+ 64. Kxe2 Kb2 65. h7 c3 66. h8=Q
Kb3 67. Kxe3 c2 68. Qc8 Kb2 69. Rxf2 1-0

[Event "Open Semana Santa 2023"]
[Site "?"]
[Date "2023.04.10"]
[Round "9.171"]
[White "Molina Molina, Carlos Javier"]
[Black "Garcia Fuentes, Jorge"]
[Result "0-1"]
[WhiteElo "1635"]
[BlackElo "1412"]
[PlyCount "32"]

1. e4 d5 2. exd5 Nf6 3. d4 Bg4 4. Be2 Bxe2 5. Nxe2 Qxd5 6. O-O Nc6 7. c3 O-O-O
8. Qc2 e5 9. Be3 exd4 10. Nxd4 Bc5 11. Nxc6 Qxc6 12. Qf5+ Nd7 13. Bxc5 Qxc5 14.
Qxf7 Rhf8 15. Qe6 Rde8 16. Qh3 Qxf2+ 0-1

[Event "Open Semana Santa 2023"]
[Site "?"]
[Date "2023.04.10"]
[Round "9.172"]
[White "Prochaieva, Tina"]
[Black "Hidalgo Mena, Manel"]
[Result "1-0"]
[WhiteElo "1627"]
[BlackElo "1362"]
[PlyCount "27"]

1. d4 Nf6 2. Nf3 Nc6 3. c4 d5 4. cxd5 Nxd5 5. e4 Nf6 6. d5 Nxe4 7. dxc6 Qxd1+
8. Kxd1 Nxf2+ 9. Ke1 Nxh1 10. Bb5 Kd8 11. Ne5 Be6 12. cxb7 Rb8 13. Nc6+ Kd7 14.
Nxb8+ 1-0

[Event "Open Semana Santa 2023"]
[Site "?"]
[Date "2023.04.10"]
[Round "9.173"]
[White "Nechifor, David"]
[Black "Tamiolakis, Grigorios"]
[Result "1/2-1/2"]
[WhiteElo "1626"]
[BlackElo "1272"]
[PlyCount "65"]

1. d4 d5 2. c4 dxc4 3. e3 Nf6 4. Bxc4 e6 5. Nf3 a6 6. O-O b5 7. Bb3 Bb7 8. Qe2
Nbd7 9. Rd1 Be7 10. Nbd2 O-O 11. e4 c5 12. e5 Nd5 13. Nf1 Qb8 14. Bxd5 Bxd5 15.
Be3 Qb7 16. N1d2 Rac8 17. a3 cxd4 18. Bxd4 Bc5 19. Bxc5 Rxc5 20. Rac1 Rfc8 21.
Qe1 Qc6 22. Rb1 Qc7 23. b4 Rc3 24. Ra1 Nb6 25. h3 Nc4 26. Nxc4 Bxf3 27. Qxc3
Bxd1 28. Rxd1 Qxc4 29. Qxc4 bxc4 30. Kf1 Kf8 31. Ke2 Ke7 32. Ke3 a5 33. Rc1
1/2-1/2

[Event "Open Semana Santa 2023"]
[Site "?"]
[Date "2023.04.10"]
[Round "9.174"]
[White "Arana Rodriguez, Marlon Uriel"]
[Black "Roche Fraile, Carlos"]
[Result "0-1"]
[WhiteElo "1183"]
[BlackElo "1593"]
[PlyCount "105"]

1. e4 e5 2. d4 exd4 3. c3 dxc3 4. Nxc3 Bc5 5. Bc4 d6 6. Nf3 Nc6 7. O-O f6 8.
Re1 Nge7 9. h3 Ne5 10. Nxe5 dxe5 11. Qxd8+ Kxd8 12. Be3 Bxe3 13. Rxe3 Nc6 14.
Rd1+ Nd4 15. Ne2 c5 16. f4 Bd7 17. Nxd4 exd4 18. Rg3 g6 19. e5 f5 20. b4 b6 21.
bxc5 bxc5 22. Rb1 Bc6 23. Rgb3 Kc7 24. e6 Rab8 25. Re1 Rxb3 26. axb3 Kd6 27.
Kf2 Bd5 28. Bxd5 Kxd5 29. Re5+ Kd6 30. g4 fxg4 31. hxg4 Re8 32. Re1 Rxe6 33.
Ra1 Re7 34. Ra6+ Kd5 35. Ra1 Kc6 36. f5 gxf5 37. gxf5 Rf7 38. Ke2 Rxf5 39. Rxa7
Rh5 40. Rf7 Rh3 41. Rf8 Rxb3 42. Rc8+ Kd5 43. Rd8+ Kc4 44. Rd7 h5 45. Rh7 Rh3
46. Ra7 d3+ 47. Kd2 Rh2+ 48. Kd1 Kd4 49. Rd7+ Kc3 50. Ke1 d2+ 51. Kd1 Rh1+ 52.
Ke2 d1=Q+ 53. Rxd1 0-1

[Event "Open Semana Santa 2023"]
[Site "?"]
[Date "2023.04.10"]
[Round "9.176"]
[White "Petrashko, Vladyslav"]
[Black "Soliva Ruiz, Ramon"]
[Result "0-1"]
[WhiteElo "1290"]
[BlackElo "1582"]
[PlyCount "38"]

1. e4 c6 2. c4 d5 3. cxd5 cxd5 4. exd5 Qxd5 5. Nc3 Qd8 6. Bc4 Nf6 7. Nf3 Bg4 8.
Qb3 e6 9. Qxb7 Nbd7 10. Nd4 Rc8 11. Bb5 Bc5 12. Nc6 Qc7 13. Qxc7 Rxc7 14. Ne5
Bf5 15. Bc6 O-O 16. Nb5 Nxe5 17. Nxc7 Nxc6 18. Na6 Bd4 19. O-O Bd3 0-1

[Event "Open Semana Santa 2023"]
[Site "?"]
[Date "2023.04.10"]
[Round "9.181"]
[White "Demirkol, Kerim Calvelo"]
[Black "Lirola Gimeno, Manuel Jaime"]
[Result "1-0"]
[WhiteElo "1897"]
[BlackElo "1407"]
[PlyCount "83"]

1. d4 Nf6 2. c4 g6 3. g3 Bg7 4. Bg2 O-O 5. Nc3 d6 6. Nf3 Nbd7 7. h3 e5 8. e4
Ne8 9. d5 a5 10. a3 Nc5 11. O-O f5 12. Bg5 Nf6 13. Nd2 a4 14. f3 h6 15. Be3 Bd7
16. b4 axb3 17. Bxc5 b2 18. Ra2 dxc5 19. Qc2 b6 20. Qxb2 Nh5 21. g4 Ng3 22. Rf2
f4 23. Nf1 Qh4 24. Ne2 h5 25. Nexg3 fxg3 26. Re2 hxg4 27. fxg4 Ra4 28. Qb3 b5
29. cxb5 Rd4 30. Rad2 Rxd2 31. Rxd2 Rf2 32. d6+ Kh7 33. dxc7 Bxg4 34. hxg4 c4
35. Qxc4 Bh6 36. c8=Q Rxf1+ 37. Bxf1 Be3+ 38. Kg2 Qh2+ 39. Kf3 Bxd2 40. Q4g8+
Kh6 41. Qh8+ Kg5 42. Qcd8# 1-0

[Event "Open Semana Santa 2023"]
[Site "?"]
[Date "2023.04.10"]
[Round "9.182"]
[White "Alonso Perez, Alfredo"]
[Black "Santos Anton, Armando"]
[Result "1-0"]
[WhiteElo "1891"]
[BlackElo "1353"]
[PlyCount "85"]

1. d4 e6 2. Nf3 c5 3. e3 d5 4. b3 a6 5. Bb2 b5 6. a4 b4 7. Bd3 Nf6 8. O-O Qc7
9. Nbd2 Nbd7 10. Rc1 Bb7 11. c3 bxc3 12. Rxc3 Ne4 13. Rc1 Qb6 14. Qc2 f5 15.
Qb1 Rc8 16. dxc5 Ndxc5 17. Bd4 Qb4 18. Rfd1 Rg8 19. Bf1 g5 20. Nxe4 fxe4 21.
Nd2 Bg7 22. Bxg7 Rxg7 23. Qb2 Kf7 24. Qe5 Nd7 25. Rc7 Rxc7 26. Qxc7 Kf6 27.
Qd8+ Re7 28. Be2 a5 29. Nf1 Qb6 30. Qh8+ Rg7 31. Ng3 Kf7 32. Nh5 Rg8 33. Qxh7+
Kf8 34. Qxd7 Qc6 35. Qd8+ Qe8 36. Qxe8+ Kxe8 37. Nf6+ Kf7 38. Nxg8 Kxg8 39. Bg4
Kf7 40. Rc1 Kf6 41. Rc5 e5 42. Rc7 Ba6 43. Rc6+ 1-0

[Event "Open Semana Santa 2023"]
[Site "?"]
[Date "2023.04.10"]
[Round "9.183"]
[White "Vallina Menendez, Marcos"]
[Black "Ruiz De Leon Merlo, Esther"]
[Result "0-1"]
[WhiteElo "1377"]
[BlackElo "1721"]
[PlyCount "56"]

1. e4 c5 2. Nf3 Nc6 3. d4 cxd4 4. Nxd4 Nf6 5. Nc3 e6 6. Be3 Bb4 7. f3 d5 8. Bb5
Qc7 9. Bd2 O-O 10. Nxc6 bxc6 11. Bd3 d4 12. Ne2 Bxd2+ 13. Qxd2 c5 14. c4 Rb8
15. h4 Nd7 16. f4 Nf6 17. Kf2 Qb7 18. e5 Ng4+ 19. Kg3 Ne3 20. Bxh7+ Kxh7 21.
Qd3+ Kg8 22. Rh2 Qxb2 23. Rah1 Qc2 24. Qxc2 Nxc2 25. h5 Ne3 26. Kh4 Bb7 27. Kg5
f6+ 28. Kg6 Be4+ 0-1

[Event "Open Semana Santa 2023"]
[Site "?"]
[Date "2023.04.10"]
[Round "9.184"]
[White "Garcia Solbes, Juan Felipe"]
[Black "Piris Ferrandis, Asier"]
[Result "1-0"]
[WhiteElo "1365"]
[BlackElo "1603"]
[PlyCount "55"]

1. b3 c5 2. Bb2 d5 3. e3 Nc6 4. Nf3 Nf6 5. g3 Bf5 6. Bg2 e6 7. d3 b5 8. Nbd2
Bd6 9. c4 bxc4 10. dxc4 Nb4 11. O-O Bd3 12. cxd5 Bxf1 13. Bxf1 Nbxd5 14. Bb5+
Ke7 15. e4 Nc7 16. Bc6 Rb8 17. e5 Bxe5 18. Nxe5 Rb6 19. Ndc4 Rb8 20. Bf3 Qxd1+
21. Rxd1 Kf8 22. Nd7+ Nxd7 23. Rxd7 Nb5 24. Bc6 Nd4 25. Bxd4 cxd4 26. Rxa7 Rd8
27. Ne5 d3 28. Nxd3 1-0

[Event "Open Semana Santa 2023"]
[Site "?"]
[Date "2023.04.10"]
[Round "9.185"]
[White "Gonzalez Bolado, David"]
[Black "Segarra Victorio, Israel"]
[Result "0-1"]
[WhiteElo "1344"]
[BlackElo "1586"]
[PlyCount "78"]

1. e4 e6 2. d4 d5 3. Nd2 Nf6 4. e5 Nfd7 5. Ngf3 c5 6. c3 Qb6 7. Qb3 Qxb3 8.
Nxb3 Nc6 9. Be3 c4 10. Nbd2 b5 11. a3 a5 12. Be2 a4 13. O-O Na5 14. h3 Be7 15.
Bg5 Nb3 16. Nxb3 axb3 17. Bxe7 Kxe7 18. Nd2 Nb6 19. f4 Na4 20. Rab1 Bd7 21. g4
f6 22. Nf3 Rhf8 23. h4 Be8 24. Kg2 Bg6 25. Nd2 Bxb1 26. Nxb1 Nxb2 27. Kg3 fxe5
28. dxe5 g6 29. Bf3 Nd3 30. Bg2 Rad8 31. Bh3 d4 32. Bg2 dxc3 33. Nxc3 Rd4 34.
Be4 Nc5 35. Bc6 Rd3+ 36. Rf3 Rxf3+ 37. Kxf3 Na4 38. Nb1 c3 39. Bxb5 c2 0-1

[Event "Open Semana Santa 2023"]
[Site "?"]
[Date "2023.04.10"]
[Round "9.186"]
[White "Burriel Ureta, Raul"]
[Black "Taquet, Eric"]
[Result "1-0"]
[WhiteElo "1579"]
[BlackElo "1344"]
[PlyCount "99"]

1. e4 e5 2. d4 exd4 3. Nf3 Bb4+ 4. Bd2 Bxd2+ 5. Qxd2 Nf6 6. Bd3 O-O 7. O-O d6
8. h3 Nc6 9. Re1 Re8 10. Bb5 Rxe4 11. Bxc6 Rxe1+ 12. Qxe1 bxc6 13. Nxd4 Bd7 14.
Nc3 Rb8 15. b3 c5 16. Nf3 c6 17. Na4 Bf5 18. c4 h6 19. Rd1 Qc7 20. Qd2 Qe7 21.
Qxd6 Qxd6 22. Rxd6 Bb1 23. Rd2 Ne4 24. Rb2 Bd3 25. Ne5 Rd8 26. Nxc6 Rd7 27. f3
Nf6 28. Nxc5 Rc7 29. Nxd3 Rxc6 30. Kf2 Nd7 31. Re2 f6 32. Nb4 Rd6 33. Nd5 Ne5
34. Rd2 Kf8 35. Ke2 Rd7 36. Nf4 Re7 37. Kd1 Kf7 38. Nd5 Rb7 39. Nc3 a6 40. Ne4
Kg6 41. f4 Nf7 42. Nd6 Rd7 43. Nxf7 Rxd2+ 44. Kxd2 Kxf7 45. Ke3 Ke6 46. Ke4 f5+
47. Kd4 Kd6 48. b4 g5 49. fxg5 hxg5 50. a4 1-0

[Event "Open Semana Santa 2023"]
[Site "?"]
[Date "2023.04.10"]
[Round "9.187"]
[White "Puig Perez, Jordi"]
[Black "De La Hoz Mulet, Miguel"]
[Result "1/2-1/2"]
[WhiteElo "1566"]
[BlackElo "1311"]
[Annotator "Usuario"]
[PlyCount "30"]

1. c4 e5 2. g3 Nc6 3. Bg2 Nf6 4. e3 g6 5. Nc3 Bg7 6. Nge2 O-O 7. d4 exd4 8.
exd4 Ne7 9. O-O c6 10. d5 cxd5 11. cxd5 d6 12. Bf4 a6 13. Rc1 b5 14. b4 Bb7 $11
15. Ne4 Nxe4 1/2-1/2

[Event "Open Semana Santa 2023"]
[Site "?"]
[Date "2023.04.10"]
[Round "9.188"]
[White "Anton Ortiz, Javier"]
[Black "Grueso Vano, Oscar"]
[Result "1/2-1/2"]
[WhiteElo "1332"]
[BlackElo "1548"]
[PlyCount "33"]

1. e4 c5 2. Nf3 Nc6 3. d4 cxd4 4. Nxd4 e5 5. Nf3 Nf6 6. Nc3 Bb4 7. Bd3 d5 8.
O-O Bxc3 9. exd5 Qxd5 10. bxc3 e4 11. c4 Qh5 12. Re1 Bf5 13. Be2 Rd8 14. Bd2
O-O 15. Ne5 Qh4 16. Nxc6 bxc6 17. Qc1 1/2-1/2